[Event "WCO2014"]
[Site "Tromso"]
[Date "2014.08.09"]
[Round "7.33"]
[WhiteID "1500953"]
[White "Sahl Sheila Barth"]
[BlackID "12401676"]
[Black "Nguyen Thi Mai Hung"]
[Result "1/2-1/2"]
[LiveChessVersion "1.4.3"]
[BlackElo "2307"]
[WhiteElo "2216"]

1. e4 {[%clk 1:30:54]} c5 {[%clk 1:30:38]} 2. Nf3 {[%clk 1:31:14]} Nc6
{[%clk 1:31:02]} 3. d4 {[%clk 1:31:38]} cxd4 {[%clk 1:31:28]} 4. Nxd4
{[%clk 1:32:05]} g6 {[%clk 1:31:53]} 5. Nc3 {[%clk 1:32:21]} Bg7 {[%clk 1:32:01]}
6. Be3 {[%clk 1:32:16]} Nf6 {[%clk 1:32:25]} 7. Bc4 {[%clk 1:32:12]} O-O
{[%clk 1:32:36]} 8. Bb3 {[%clk 1:32:13]} a5 {[%clk 1:32:30]} 9. O-O
{[%clk 1:31:17]} d6 {[%clk 1:31:13]} 10. f3 {[%clk 1:30:51]} Nxd4
{[%clk 1:27:30]} 11. Bxd4 {[%clk 1:31:02]} Bd7 {[%clk 1:27:44]} 12. a4
{[%clk 1:29:08]} Bc6 {[%clk 1:27:39]} 13. Qe2 {[%clk 1:23:47]} Nd7
{[%clk 1:19:53]} 14. Bxg7 {[%clk 1:18:26]} Kxg7 {[%clk 1:20:00]} 15. Kh1
{[%clk 1:17:42]} Qb6 {[%clk 1:07:27]} 16. Nd5 {[%clk 0:59:22]} Bxd5
{[%clk 1:02:59]} 17. exd5 {[%clk 0:55:34]} Nc5 {[%clk 1:02:13]} 18. Qe3
{[%clk 0:47:33]} Rfe8 {[%clk 0:51:04]} 19. Qd4+ Kg8 {[%clk 0:47:04]} 20. Rfd1
{[%clk 0:39:31]} Nd7 {[%clk 0:44:04]} 21. Bc4 Rec8 {[%clk 0:42:12]} 22. Bb5
{[%clk 0:33:11]} Qxd4 {[%clk 0:39:52]} 23. Rxd4 {[%clk 0:33:36]} Nf6
{[%clk 0:34:52]} 24. c3 {[%clk 0:33:10]} Rc5 {[%clk 0:34:20]} 25. Rad1
{[%clk 0:33:11]} Kg7 {[%clk 0:32:16]} 26. Kg1 {[%clk 0:28:37]} g5
{[%clk 0:31:03]} 27. c4 {[%clk 0:19:26]} Rc7 {[%clk 0:28:19]} 28. Re1
{[%clk 0:19:34]} h6 {[%clk 0:26:01]} 29. Kf2 {[%clk 0:17:21]} Nh5
{[%clk 0:24:21]} 30. Rde4 {[%clk 0:15:46]} Kf6 {[%clk 0:24:21]} 31. g3
{[%clk 0:15:20]} Ng7 {[%clk 0:18:21]} 32. h4 {[%clk 0:13:44]} Nf5
{[%clk 0:15:56]} 33. hxg5+ {[%clk 0:13:37]} hxg5 {[%clk 0:16:20]} 34. Rh1
{[%clk 0:09:51]} Rg8 {[%clk 0:07:00]} 35. Rh7 {[%clk 0:07:13]} Kg6
{[%clk 0:06:54]} 36. Rh2 {[%clk 0:07:20]} Kg7 {[%clk 0:04:04]} 37. Rg4
{[%clk 0:06:18]} f6 {[%clk 0:04:09]} 38. Re4 {[%clk 0:06:03]} Nh6
{[%clk 0:03:03]} 39. Re1 {[%clk 0:02:03]} Nf7 {[%clk 0:03:10]} 40. f4
{[%clk 0:00:59]} gxf4 {[%clk 0:01:28]} 41. gxf4 {[%clk 0:01:21]} Kf8
{[%clk 0:01:04]} 42. Rg1 {[%clk 0:00:41]} Rxg1 {[%clk 0:25:08]} 43. Kxg1
{[%clk 0:31:38]} Kg7 {[%clk 0:22:40]} 44. Rg2+ {[%clk 0:29:52]} Kf8
{[%clk 0:22:45]} 45. Kf2 {[%clk 0:29:48]} Nh6 {[%clk 0:21:33]} 46. Ke2
{[%clk 0:25:07]} Nf5 {[%clk 0:18:04]} 47. Kd3 {[%clk 0:25:17]} Ng7
{[%clk 0:18:13]} 48. Rh2 {[%clk 0:23:53]} Kg8 {[%clk 0:18:08]} 49. Ke4
{[%clk 0:14:42]} f5+ {[%clk 0:07:52]} 50. Kd4 {[%clk 0:15:03]} Rc8
{[%clk 0:07:50]} 51. b4 {[%clk 0:12:51]} axb4 {[%clk 0:07:48]} 52. Rb2
{[%clk 0:13:00]} Kf7 {[%clk 0:06:44]} 53. Rxb4 {[%clk 0:13:09]} e6
{[%clk 0:04:11]} 54. Bd7 {[%clk 0:12:58]} Rc7 {[%clk 0:04:33]} 55. Bxe6+
{[%clk 0:12:43]} Nxe6+ {[%clk 0:04:59]} 56. dxe6+ {[%clk 0:13:09]} Kxe6
{[%clk 0:05:26]} 57. Rb1 {[%clk 0:11:32]} Rh7 {[%clk 0:05:04]} 58. Rg1
{[%clk 0:09:45]} Rh4 {[%clk 0:03:47]} 59. Rg6+ {[%clk 0:10:08]} Kd7
{[%clk 0:03:50]} 60. Kd5 {[%clk 0:10:18]} Rxf4 {[%clk 0:04:12]} 61. Rg7+
{[%clk 0:10:22]} Kc8 {[%clk 0:04:06]} 62. Kxd6 {[%clk 0:10:09]} Kb8
{[%clk 0:03:55]} 63. Kd5 {[%clk 0:06:29]} Rf1 {[%clk 0:04:11]} 64. Rf7
{[%clk 0:06:40]} f4 {[%clk 0:04:20]} 65. Ke4 {[%clk 0:04:07]} Rc1
{[%clk 0:04:13]} 66. Kd4 {[%clk 0:04:28]} 1/2-1/2

[Event "WCO2014"]
[Site "Tromso"]
[Date "2014.08.09"]
[Round "7.34"]
[WhiteID "12401455"]
[White "Hoang Thi Nhu Y"]
[BlackID "1502786"]
[Black "Bjerke Silje"]
[Result "1-0"]
[LiveChessVersion "1.4.3"]
[BlackElo "2189"]
[WhiteElo "2269"]

1. d4 {[%clk 1:30:40]} Nf6 {[%clk 1:30:53]} 2. Bg5 {[%clk 1:30:28]} e6
{[%clk 1:30:21]} 3. Nf3 {[%clk 1:29:12]} c5 {[%clk 1:29:38]} 4. c3
{[%clk 1:27:52]} b6 {[%clk 1:24:19]} 5. Nbd2 {[%clk 1:23:50]} Bb7
{[%clk 1:21:53]} 6. e3 {[%clk 1:23:44]} Be7 {[%clk 1:18:40]} 7. Bd3
{[%clk 1:22:04]} O-O {[%clk 1:14:34]} 8. O-O {[%clk 1:18:56]} d5 {[%clk 1:09:45]}
9. Ne5 {[%clk 1:17:43]} Nc6 {[%clk 1:04:19]} 10. f4 {[%clk 1:12:02]} h6
{[%clk 0:55:25]} 11. Bh4 {[%clk 1:11:37]} Ne4 {[%clk 0:55:08]} 12. Bxe7
{[%clk 0:55:00]} Nxe7 {[%clk 0:55:17]} 13. Bxe4 {[%clk 0:54:32]} dxe4
{[%clk 0:55:39]} 14. dxc5 {[%clk 0:53:19]} bxc5 {[%clk 0:54:41]} 15. Ndc4
{[%clk 0:53:23]} Bd5 {[%clk 0:49:17]} 16. Qa4 {[%clk 0:48:51]} f6
{[%clk 0:40:31]} 17. Ng4 {[%clk 0:48:49]} Nf5 {[%clk 0:40:09]} 18. Rfe1
{[%clk 0:48:21]} Qc7 {[%clk 0:34:40]} 19. Nf2 {[%clk 0:46:35]} Qf7
{[%clk 0:22:41]} 20. Nd2 {[%clk 0:42:41]} Qg6 {[%clk 0:21:53]} 21. Nfxe4
{[%clk 0:38:07]} h5 {[%clk 0:08:39]} 22. Re2 {[%clk 0:35:48]} h4 {[%clk 0:08:07]}
23. h3 {[%clk 0:23:54]} c4 {[%clk 0:07:07]} 24. b3 {[%clk 0:21:41]} cxb3
{[%clk 0:06:46]} 25. axb3 {[%clk 0:22:05]} Rf7 {[%clk 0:05:26]} 26. Nf1
{[%clk 0:17:50]} Rb8 {[%clk 0:04:41]} 27. Ned2 {[%clk 0:17:39]} Nd6
{[%clk 0:02:30]} 28. e4 {[%clk 0:14:45]} Ba8 {[%clk 0:02:58]} 29. Qd4
{[%clk 0:14:46]} Nb5 {[%clk 0:02:42]} 30. Qc4 {[%clk 0:15:12]} f5
{[%clk 0:01:34]} 31. Qb4 {[%clk 0:09:14]} Rb6 {[%clk 0:01:30]} 32. Ra5
{[%clk 0:06:23]} Nd6 {[%clk 0:01:45]} 33. exf5 {[%clk 0:03:44]} Qh5
{[%clk 0:01:07]} 34. Qxb6 {[%clk 0:02:43]} axb6 {[%clk 0:00:58]} 35. Rxa8+
{[%clk 0:03:10]} Kh7 {[%clk 0:01:19]} 36. Rxe6 {[%clk 0:02:18]} Nxf5
{[%clk 0:01:32]} 37. Nf3 {[%clk 0:02:19]} Rf6 {[%clk 0:01:28]} 38. Ree8
{[%clk 0:01:01]} Nh6 {[%clk 0:01:54]} 39. Rh8+ {[%clk 0:00:56]} Kg6
{[%clk 0:02:22]} 40. Ne5+ {[%clk 0:00:59]} Kf5 {[%clk 0:02:41]} 41. g4+
{[%clk 0:01:27]} 1-0

[Event "WCO2014"]
[Site "Tromso"]
[Date "2014.08.09"]
[Round "7.35"]
[WhiteID "14105870"]
[White "Dolzhikova Olga"]
[BlackID "12401102"]
[Black "Hoang Thi Bao Tram"]
[Result "0-1"]
[LiveChessVersion "1.4.3"]
[BlackElo "2329"]
[WhiteElo "2166"]

1. e4 {[%clk 1:30:53]} c6 {[%clk 1:30:12]} 2. d4 {[%clk 1:31:17]} d5
{[%clk 1:30:28]} 3. e5 {[%clk 1:31:41]} Bf5 {[%clk 1:30:37]} 4. h4
{[%clk 1:31:50]} h6 {[%clk 1:29:38]} 5. g4 {[%clk 1:31:52]} Bh7 {[%clk 1:28:44]}
6. h5 {[%clk 1:29:10]} e6 {[%clk 1:28:19]} 7. Bd3 {[%clk 1:27:19]} Bxd3
{[%clk 1:27:49]} 8. Qxd3 {[%clk 1:27:30]} Qb6 {[%clk 1:21:06]} 9. Ne2
{[%clk 1:04:09]} c5 {[%clk 1:14:07]} 10. c3 {[%clk 1:03:35]} Nc6 {[%clk 1:13:38]}
11. O-O {[%clk 0:53:48]} Nge7 {[%clk 1:05:48]} 12. Na3 {[%clk 0:43:33]} cxd4
{[%clk 1:01:49]} 13. cxd4 {[%clk 0:43:08]} Nb4 {[%clk 1:01:56]} 14. Qb5+
{[%clk 0:37:15]} Nec6 {[%clk 0:56:49]} 15. Qxb6 {[%clk 0:34:07]} axb6
{[%clk 0:57:11]} 16. Be3 {[%clk 0:30:43]} Be7 {[%clk 0:46:57]} 17. Bd2
{[%clk 0:09:44]} O-O {[%clk 0:42:54]} 18. Bc3 {[%clk 0:09:53]} Ra6
{[%clk 0:38:17]} 19. f4 {[%clk 0:08:14]} Rfa8 {[%clk 0:30:25]} 20. Rf3
{[%clk 0:04:11]} Nxa2 {[%clk 0:27:09]} 21. Rxa2 {[%clk 0:04:30]} b5
{[%clk 0:27:31]} 22. Bd2 {[%clk 0:01:54]} b4 {[%clk 0:27:14]} 23. Rb3
{[%clk 0:01:21]} b5 {[%clk 0:26:05]} 24. f5 {[%clk 0:00:53]} Na5 {[%clk 0:24:25]}
25. Rf3 {[%clk 0:00:39]} bxa3 {[%clk 0:22:10]} 26. Bxa5 {[%clk 0:00:35]} Rxa5
{[%clk 0:22:30]} 27. fxe6 {[%clk 0:00:43]} fxe6 {[%clk 0:22:37]} 28. Nf4
{[%clk 0:00:46]} Rf8 {[%clk 0:21:43]} 29. bxa3 {[%clk 0:00:40]} Bg5
{[%clk 0:21:35]} 30. Raf2 {[%clk 0:00:46]} Rxf4 {[%clk 0:21:50]} 31. Rxf4
{[%clk 0:01:13]} Bxf4 {[%clk 0:22:13]} 32. Rxf4 {[%clk 0:01:39]} Rxa3
{[%clk 0:22:35]} 33. Kf2 {[%clk 0:00:40]} b4 {[%clk 0:18:21]} 34. Ke2
{[%clk 0:00:47]} b3 {[%clk 0:16:55]} 35. Kd2 {[%clk 0:00:45]} b2 {[%clk 0:16:22]}
36. Kc2 {[%clk 0:00:56]} Rb3 {[%clk 0:16:24]} 37. Kb1 {[%clk 0:00:38]} Rb4
{[%clk 0:16:39]} 38. g5 {[%clk 0:00:41]} hxg5 {[%clk 0:16:32]} 39. Rg4
{[%clk 0:01:07]} Kf7 {[%clk 0:16:37]} 40. Rxg5 {[%clk 0:01:00]} Rxd4
{[%clk 0:17:00]} 41. Kxb2 {[%clk 0:01:26]} Rf4 {[%clk 0:17:20]} 42. Rg1
{[%clk 0:29:00]} Rf5 {[%clk 0:48:06]} 43. Rh1 {[%clk 0:24:38]} Rxe5
{[%clk 0:46:38]} 44. h6 {[%clk 0:24:18]} gxh6 {[%clk 0:46:55]} 45. Rxh6
{[%clk 0:24:45]} Re3 {[%clk 0:46:46]} 46. Kc2 {[%clk 0:24:59]} Kg7
{[%clk 0:46:50]} 47. Rh1 {[%clk 0:25:00]} Kf6 {[%clk 0:46:22]} 48. Kd2
{[%clk 0:25:17]} Rg3 {[%clk 0:46:36]} 49. Rh6+ {[%clk 0:25:17]} Ke5
{[%clk 0:46:56]} 50. Rh5+ {[%clk 0:25:24]} Kd6 {[%clk 0:47:06]} 51. Rh6
{[%clk 0:25:29]} d4 {[%clk 0:47:28]} 52. Rh8 {[%clk 0:25:08]} Kd5
{[%clk 0:47:44]} 53. Rh6 {[%clk 0:25:07]} e5 {[%clk 0:47:53]} 54. Rh5
{[%clk 0:25:26]} d3 {[%clk 0:47:42]} 55. Rh8 {[%clk 0:25:39]} Kd4
{[%clk 0:47:28]} 56. Rd8+ {[%clk 0:25:23]} Ke4 {[%clk 0:47:51]} 57. Kc3
{[%clk 0:25:37]} Rf3 {[%clk 0:47:31]} 58. Rd7 {[%clk 0:25:13]} Ke3
{[%clk 0:47:28]} 0-1

[Event "WCO2014"]
[Site "Tromso"]
[Date "2014.08.09"]
[Round "7.36"]
[WhiteID "12401013"]
[White "Luong Phuong Hanh"]
[BlackID "1501909"]
[Black "Hagesather Ellen"]
[Result "1-0"]
[LiveChessVersion "1.4.3"]
[BlackElo "2182"]
[WhiteElo "2171"]

1. e4 {[%clk 1:30:53]} e5 {[%clk 1:30:39]} 2. c4 {[%clk 1:31:15]} Bc5
{[%clk 1:27:34]} 3. Nf3 {[%clk 1:30:32]} Nc6 {[%clk 1:27:29]} 4. Be2
{[%clk 1:29:12]} d6 {[%clk 1:25:05]} 5. O-O {[%clk 1:28:10]} Nge7
{[%clk 1:24:20]} 6. d3 {[%clk 1:26:57]} O-O {[%clk 1:21:42]} 7. Nc3
{[%clk 1:25:21]} a5 {[%clk 1:19:47]} 8. Nb5 {[%clk 1:21:14]} Ng6 {[%clk 1:12:28]}
9. Bd2 {[%clk 1:14:12]} h6 {[%clk 1:09:49]} 10. Ne1 {[%clk 0:56:57]} Nd4
{[%clk 0:57:04]} 11. Nxd4 {[%clk 0:56:11]} Bxd4 {[%clk 0:57:29]} 12. Rb1
{[%clk 0:56:25]} c6 {[%clk 0:54:27]} 13. Nc2 {[%clk 0:53:49]} Bc5
{[%clk 0:53:22]} 14. a3 {[%clk 0:48:01]} a4 {[%clk 0:52:29]} 15. Be3
{[%clk 0:43:34]} Qf6 {[%clk 0:44:41]} 16. Bg4 {[%clk 0:41:30]} Nf4
{[%clk 0:43:08]} 17. Bxc8 {[%clk 0:41:33]} Raxc8 {[%clk 0:41:56]} 18. b4
{[%clk 0:39:25]} axb3 {[%clk 0:41:05]} 19. Rxb3 {[%clk 0:39:47]} Rc7
{[%clk 0:37:31]} 20. Qf3 {[%clk 0:39:26]} Kh7 {[%clk 0:36:15]} 21. d4
{[%clk 0:37:42]} Qe6 {[%clk 0:19:20]} 22. dxc5 {[%clk 0:36:56]} Qxc4
{[%clk 0:17:41]} 23. Bxf4 {[%clk 0:37:14]} exf4 {[%clk 0:14:24]} 24. cxd6
{[%clk 0:37:29]} Rd7 {[%clk 0:14:09]} 25. Qd3 {[%clk 0:37:48]} Qe6
{[%clk 0:13:07]} 26. e5+ {[%clk 0:37:36]} g6 {[%clk 0:13:22]} 27. Re1
{[%clk 0:36:46]} Re8 {[%clk 0:12:33]} 28. h3 {[%clk 0:36:27]} c5 {[%clk 0:12:54]}
29. Rc3 {[%clk 0:36:35]} b6 {[%clk 0:11:53]} 30. Rc4 {[%clk 0:35:45]} f3
{[%clk 0:11:47]} 31. Rf4 {[%clk 0:35:55]} fxg2 {[%clk 0:05:49]} 32. Rf6
{[%clk 0:36:01]} Qa2 {[%clk 0:05:55]} 33. e6 {[%clk 0:35:32]} Rxe6
{[%clk 0:06:13]} 34. Rexe6 {[%clk 0:35:51]} 1-0

[Event "WCO2014"]
[Site "Tromso"]
[Date "2014.08.09"]
[Round "7.18"]
[WhiteID "623725"]
[White "Milliet Sophie"]
[BlackID "1122681"]
[Black "Szczepkowska-Horowska Karina"]
[Result "1/2-1/2"]
[LiveChessVersion "1.4.3"]
[BlackElo "2380"]
[WhiteElo "2385"]

1. e4 {[%clk 1:30:57]} e5 {[%clk 1:30:52]} 2. Nf3 {[%clk 1:31:23]} Nc6
{[%clk 1:31:06]} 3. Bb5 {[%clk 1:31:46]} a6 {[%clk 1:31:18]} 4. Ba4
{[%clk 1:32:12]} Nf6 {[%clk 1:31:21]} 5. O-O {[%clk 1:32:35]} Be7
{[%clk 1:31:47]} 6. d3 {[%clk 1:32:49]} b5 {[%clk 1:31:33]} 7. Bb3
{[%clk 1:33:14]} O-O {[%clk 1:31:15]} 8. Nc3 {[%clk 1:33:11]} d6 {[%clk 1:29:10]}
9. a3 {[%clk 1:33:16]} h6 {[%clk 1:24:44]} 10. Nd5 {[%clk 1:30:45]} Be6
{[%clk 1:22:24]} 11. c3 {[%clk 1:18:42]} Re8 {[%clk 1:11:38]} 12. Nxf6+
{[%clk 1:06:06]} Bxf6 {[%clk 1:12:01]} 13. Bxe6 {[%clk 1:06:14]} Rxe6
{[%clk 1:09:35]} 14. a4 {[%clk 1:06:20]} Re8 {[%clk 1:08:24]} 15. b4
{[%clk 0:58:11]} Qd7 {[%clk 1:03:04]} 16. Qb3 {[%clk 0:54:22]} Ne7
{[%clk 0:59:39]} 17. Be3 {[%clk 0:51:02]} d5 {[%clk 0:56:21]} 18. Bc5
{[%clk 0:50:02]} dxe4 {[%clk 0:55:53]} 19. dxe4 {[%clk 0:50:20]} Ng6
{[%clk 0:55:58]} 20. Rfd1 {[%clk 0:31:53]} Qc6 {[%clk 0:47:58]} 21. Qd5
{[%clk 0:30:35]} Qxd5 {[%clk 0:47:54]} 22. Rxd5 {[%clk 0:24:07]} Nf4
{[%clk 0:46:08]} 23. Rd2 {[%clk 0:24:32]} Rad8 {[%clk 0:45:53]} 24. Be3
{[%clk 0:24:51]} g5 {[%clk 0:35:02]} 25. Bxf4 {[%clk 0:19:41]} exf4
{[%clk 0:35:21]} 26. Rxd8 {[%clk 0:20:02]} Rxd8 {[%clk 0:35:22]} 27. e5
{[%clk 0:19:50]} g4 {[%clk 0:24:14]} 28. exf6 {[%clk 0:20:02]} gxf3
{[%clk 0:24:39]} 29. axb5 {[%clk 0:19:19]} axb5 {[%clk 0:25:00]} 30. gxf3
{[%clk 0:19:22]} Rd3 {[%clk 0:25:07]} 31. Rc1 {[%clk 0:18:04]} Rxf3
{[%clk 0:19:22]} 32. Kg2 {[%clk 0:17:50]} Rd3 {[%clk 0:19:46]} 33. c4
{[%clk 0:18:06]} Rb3 {[%clk 0:18:36]} 34. cxb5 {[%clk 0:18:30]} Rxb4
{[%clk 0:19:00]} 35. Rc5 {[%clk 0:17:12]} Kh7 {[%clk 0:15:53]} 36. Rxc7
{[%clk 0:17:32]} Rxb5 {[%clk 0:15:31]} 37. Rxf7+ {[%clk 0:17:58]} Kg6
{[%clk 0:15:56]} 38. Rf8 {[%clk 0:18:13]} Rg5+ {[%clk 0:14:01]} 39. Kf3
{[%clk 0:12:06]} Rh5 {[%clk 0:14:07]} 40. Kxf4 {[%clk 0:09:41]} Rxh2
{[%clk 0:14:18]} 41. Ke5 {[%clk 0:04:25]} Rxf2 {[%clk 0:13:24]} 42. Rg8+
{[%clk 0:04:46]} Kf7 {[%clk 0:13:33]} 43. Rg7+ {[%clk 0:05:11]} Kf8
{[%clk 0:14:00]} 44. Rh7 {[%clk 0:04:09]} Re2+ {[%clk 0:13:57]} 45. Kf5
{[%clk 0:04:28]} Rf2+ {[%clk 0:13:57]} 46. Kg6 {[%clk 0:04:51]} Rg2+
{[%clk 0:14:15]} 47. Kf5 {[%clk 0:05:10]} Rf2+ {[%clk 0:14:38]} 48. Kg6
{[%clk 0:05:36]} Rg2+ {[%clk 0:15:04]} 1/2-1/2

[Event "WCO2014"]
[Site "Tromso"]
[Date "2014.08.09"]
[Round "7.19"]
[WhiteID "1123009"]
[White "Bartel Marta"]
[BlackID "639370"]
[Black "Guichard Pauline"]
[Result "1-0"]
[LiveChessVersion "1.4.3"]
[BlackElo "2375"]
[WhiteElo "2359"]

1. Nf3 {[%clk 1:30:57]} d5 {[%clk 1:30:34]} 2. c4 {[%clk 1:31:20]} d4
{[%clk 1:30:00]} 3. g3 {[%clk 1:31:38]} g6 {[%clk 1:25:28]} 4. Bg2
{[%clk 1:31:51]} Bg7 {[%clk 1:25:51]} 5. O-O {[%clk 1:32:03]} e5 {[%clk 1:23:45]}
6. d3 {[%clk 1:32:19]} Nc6 {[%clk 1:15:27]} 7. Na3 {[%clk 1:29:53]} Nge7
{[%clk 1:15:15]} 8. Nc2 {[%clk 1:30:17]} a5 {[%clk 1:15:30]} 9. b3
{[%clk 1:19:13]} O-O {[%clk 1:13:00]} 10. Rb1 {[%clk 1:19:28]} Nb4
{[%clk 0:58:26]} 11. a3 {[%clk 1:13:19]} Na2 {[%clk 0:55:37]} 12. Bb2
{[%clk 1:11:46]} c5 {[%clk 0:54:09]} 13. e3 {[%clk 0:41:42]} Ra6 {[%clk 0:53:44]}
14. Ra1 {[%clk 0:32:20]} Nc3 {[%clk 0:53:36]} 15. Bxc3 {[%clk 0:32:41]} dxc3
{[%clk 0:53:57]} 16. Qe2 {[%clk 0:32:49]} Rd6 {[%clk 0:48:55]} 17. Rfd1
{[%clk 0:33:02]} Nc6 {[%clk 0:38:43]} 18. Rab1 {[%clk 0:29:54]} Qe7
{[%clk 0:38:42]} 19. Nfe1 {[%clk 0:27:31]} Rfd8 {[%clk 0:33:57]} 20. b4
{[%clk 0:19:19]} axb4 {[%clk 0:24:42]} 21. Bxc6 {[%clk 0:17:11]} bxc6
{[%clk 0:21:13]} 22. axb4 {[%clk 0:17:36]} cxb4 {[%clk 0:21:30]} 23. Nxb4
{[%clk 0:17:13]} h5 {[%clk 0:18:00]} 24. Qc2 {[%clk 0:11:17]} Bg4
{[%clk 0:18:04]} 25. f3 {[%clk 0:10:08]} Bh3 {[%clk 0:18:17]} 26. e4
{[%clk 0:06:24]} Bh6 {[%clk 0:16:28]} 27. Qxc3 {[%clk 0:06:21]} Qa7+
{[%clk 0:16:33]} 28. c5 {[%clk 0:05:02]} Be3+ {[%clk 0:17:00]} 29. Kh1
{[%clk 0:05:31]} Bxc5 {[%clk 0:17:17]} 30. Nbc2 {[%clk 0:04:26]} Bb4
{[%clk 0:08:21]} 31. Qxb4 {[%clk 0:04:16]} Qf2 {[%clk 0:08:46]} 32. Ne3
{[%clk 0:04:10]} Rxd3 {[%clk 0:07:14]} 33. Rxd3 {[%clk 0:03:45]} Rxd3
{[%clk 0:07:04]} 34. Nxd3 {[%clk 0:02:37]} Qxe3 {[%clk 0:07:19]} 35. Nxe5
{[%clk 0:02:37]} Qf2 {[%clk 0:04:54]} 36. Rg1 {[%clk 0:01:56]} c5
{[%clk 0:03:05]} 37. Qb8+ {[%clk 0:01:50]} Kg7 {[%clk 0:03:08]} 38. Qc7
{[%clk 0:02:06]} Kf6 {[%clk 0:03:22]} 39. Qd6+ {[%clk 0:02:09]} 1-0

[Event "WCO2014"]
[Site "Tromso"]
[Date "2014.08.09"]
[Round "7.20"]
[WhiteID "2902265"]
[White "Collas Silvia"]
[BlackID "1131044"]
[Black "Kulon Klaudia"]
[Result "1/2-1/2"]
[LiveChessVersion "1.4.3"]
[BlackElo "2301"]
[WhiteElo "2316"]

1. c4 {[%clk 1:30:55]} e6 {[%clk 1:30:34]} 2. Nf3 {[%clk 1:30:23]} d5
{[%clk 1:30:49]} 3. d4 {[%clk 1:30:18]} c6 {[%clk 1:30:51]} 4. Qc2
{[%clk 1:30:17]} Bd6 {[%clk 1:29:54]} 5. Nc3 {[%clk 1:29:20]} f5 {[%clk 1:28:20]}
6. Bg5 {[%clk 1:28:16]} Nf6 {[%clk 1:27:50]} 7. Bxf6 {[%clk 1:27:40]} gxf6
{[%clk 1:26:19]} 8. e3 {[%clk 1:26:37]} Rg8 {[%clk 1:13:21]} 9. g3
{[%clk 1:26:11]} a6 {[%clk 1:09:58]} 10. Rc1 {[%clk 1:22:04]} Nd7
{[%clk 1:06:18]} 11. cxd5 {[%clk 1:08:50]} cxd5 {[%clk 1:05:08]} 12. Bd3
{[%clk 1:08:57]} b5 {[%clk 1:01:09]} 13. O-O {[%clk 1:02:31]} Bb7
{[%clk 1:01:03]} 14. Nh4 {[%clk 1:00:39]} Nb6 {[%clk 0:57:30]} 15. Qe2
{[%clk 1:00:08]} Rg5 {[%clk 0:51:36]} 16. f4 {[%clk 0:51:20]} Rg4
{[%clk 0:44:55]} 17. Kf2 {[%clk 0:51:30]} Kf8 {[%clk 0:44:28]} 18. b3
{[%clk 0:49:35]} Kg8 {[%clk 0:40:06]} 19. Rc2 {[%clk 0:43:01]} Rc8
{[%clk 0:36:20]} 20. Rfc1 {[%clk 0:42:43]} Ba3 {[%clk 0:34:28]} 21. Rg1
{[%clk 0:43:07]} Bd6 {[%clk 0:34:45]} 22. Rgc1 {[%clk 0:40:38]} Ba3
{[%clk 0:34:32]} 23. Rg1 {[%clk 0:41:02]} Bd6 {[%clk 0:34:32]} 24. Rgc1
{[%clk 0:40:45]} Ba3 {[%clk 0:29:08]} 1/2-1/2

[Event "WCO2014"]
[Site "Tromso"]
[Date "2014.08.09"]
[Round "7.13"]
[WhiteID "12400149"]
[White "Hoang Thanh Trang"]
[BlackID "1201930"]
[Black "Peptan Corina-Isabela"]
[Result "1/2-1/2"]
[LiveChessVersion "1.4.3"]
[BlackElo "2422"]
[WhiteElo "2485"]

1. d4 {[%clk 1:30:50]} d5 {[%clk 1:30:58]} 2. Nf3 {[%clk 1:30:54]} Nf6
{[%clk 1:31:26]} 3. c4 {[%clk 1:30:59]} dxc4 {[%clk 1:31:53]} 4. e3
{[%clk 1:31:06]} e6 {[%clk 1:32:20]} 5. Bxc4 {[%clk 1:31:12]} a6 {[%clk 1:32:47]}
6. O-O {[%clk 1:31:16]} Nbd7 {[%clk 1:33:10]} 7. a4 {[%clk 1:29:48]} c5
{[%clk 1:33:30]} 8. Nc3 {[%clk 1:29:42]} Bd6 {[%clk 1:32:14]} 9. Qe2
{[%clk 1:26:45]} Qc7 {[%clk 1:31:48]} 10. Rd1 {[%clk 1:26:19]} O-O
{[%clk 1:32:05]} 11. a5 {[%clk 1:23:39]} cxd4 {[%clk 1:22:40]} 12. exd4
{[%clk 1:23:30]} b5 {[%clk 1:23:01]} 13. axb6 {[%clk 1:18:39]} Nxb6
{[%clk 1:23:23]} 14. Bd3 {[%clk 1:15:55]} Bb7 {[%clk 1:20:20]} 15. Bg5
{[%clk 1:11:43]} Nbd5 {[%clk 1:08:46]} 16. Nxd5 {[%clk 1:04:52]} Nxd5
{[%clk 1:09:11]} 17. Bxa6 {[%clk 1:00:36]} h6 {[%clk 0:59:06]} 18. Bd2
{[%clk 0:50:21]} Nf4 {[%clk 0:39:16]} 19. Bxf4 {[%clk 0:49:47]} Bxf4
{[%clk 0:39:41]} 20. Bxb7 {[%clk 0:46:37]} Qxb7 {[%clk 0:38:44]} 21. Rxa8
{[%clk 0:41:34]} Rxa8 {[%clk 0:39:08]} 22. Rb1 {[%clk 0:40:37]} Ra4
{[%clk 0:33:44]} 23. Qc2 {[%clk 0:35:48]} Rb4 {[%clk 0:33:52]} 24. b3
{[%clk 0:35:55]} Bd6 {[%clk 0:30:50]} 25. Qc3 {[%clk 0:35:12]} Qd5
{[%clk 0:30:05]} 26. h3 {[%clk 0:33:45]} g6 {[%clk 0:25:57]} 27. Qc8+
{[%clk 0:29:04]} Kg7 {[%clk 0:25:51]} 28. Qa6 {[%clk 0:28:31]} Be7
{[%clk 0:22:59]} 29. Qd3 {[%clk 0:26:39]} Bd6 {[%clk 0:21:49]} 30. Qe3
{[%clk 0:24:41]} Kh7 {[%clk 0:20:38]} 31. g3 {[%clk 0:22:47]} Kg7
{[%clk 0:18:12]} 32. Kh2 {[%clk 0:23:00]} Kh7 {[%clk 0:18:26]} 33. Ne5
{[%clk 0:16:06]} Bxe5 {[%clk 0:18:33]} 34. dxe5 {[%clk 0:14:30]} Kg7
{[%clk 0:17:30]} 35. Qc3 {[%clk 0:14:02]} Qb7 {[%clk 0:17:49]} 36. Rb2
{[%clk 0:13:20]} Kh7 {[%clk 0:17:31]} 37. Qd3 {[%clk 0:09:36]} h5
{[%clk 0:16:18]} 38. h4 {[%clk 0:08:30]} Kg7 {[%clk 0:16:46]} 39. Qd8
{[%clk 0:06:17]} Qf3 {[%clk 0:15:27]} 40. Qe7 {[%clk 0:02:59]} Rxb3
{[%clk 0:12:44]} 41. Qf6+ {[%clk 0:00:38]} Kg8 {[%clk 0:13:01]} 42. Rxb3
{[%clk 0:27:33]} 1/2-1/2